Rudiments of chemistry ; the chemist's view of the nature of matter.

Bibliographic Details
Main Author: Whitaker, Ronald Mapes, 1903-
Format: Book
Language:English
Published: New York : Ronald, [1947]
Subjects:

MARC

Tag First Indicator Second Indicator Subfields
LEADER 00000cam a2200000 4500
001 in00000046232
005 20151007071249.0
008 750801s1947 nyua 00000 eng u
010 |a  48000688  
035 |a (OCoLC)01498288 
035 |9 AAE5633AM 
040 |c DZM  |d TXA  |d UtOrBLW 
049 |a TXAM  |c [177893] 
050 0 |a QD35  |b .W45 
092 |a 540  |b W624r 
100 1 |a Whitaker, Ronald Mapes,  |d 1903- 
245 1 0 |a Rudiments of chemistry ;  |b the chemist's view of the nature of matter. 
264 1 |a New York :  |b Ronald,  |c [1947] 
264 4 |c [©1947] 
300 |a x, 310 pages :  |b diagrams ;  |c 21 cm. 
336 |a text  |b txt  |2 rdacontent 
337 |a unmediated  |b n  |2 rdamedia 
338 |a volume  |b nc  |2 rdacarrier 
650 0 |a Chemistry. 
999 |a MARS 
999 f f |s 4938d070-b4d1-3fdb-9828-114e9c11a06f  |i 34342a21-7076-3b82-9232-0d89d254956d  |t 0 
952 f f |p ric  |a Texas A&M University  |b Rellis Campus  |c Joint Library Facility  |d Remote Storage  |t 0  |e QD35 .W45  |h Library of Congress classification  |i unmediated -- volume  |m A14800932246 
998 f f |a QD35 .W45  |t 0  |l Remote Storage